| 000 | 00587nam a22002057a 4500 | ||
|---|---|---|---|
| 005 | 20251108172753.0 | ||
| 008 | 250721s2002 xx 000 0 ara d | ||
| 082 | 1 | 4 | _a005.13/بصب |
| 100 | 1 | _aبصبوص، محمد حسين | |
| 245 | 1 | 0 | _avisual basic / |
| 264 | 1 |
_aعمان : _bدار اليازوري للنشر، _c2002. |
|
| 300 | _a321ص | ||
| 650 | 1 | 7 | _aلغات البرمجه |
| 650 | 1 | 7 | _aالحواسيب |
| 650 | 1 | 7 | _aبيسك |
| 700 | 1 | _aالغولة، حمزة عبد الرحمن | |
| 700 | 1 | _aالجدوع، خلدون | |
| 942 |
_2ddc _cBK |
||
| 999 |
_c88065 _d88065 |
||